000 00534cam a2200145 4500500
005 20260208002334.0
041 _afre
042 _adc
100 1 0 _aGalinier, Jacques
_eauthor
245 0 0 _aJosé Carlos Gomes da Silva, O discurso contra si propio, Lisboa, Assirio & Alvim, 2003, 269 p., bibl., ill., tabl., fig.
260 _c2005.
500 _a39
786 0 _nL'Homme | 173 | 1 | 2005-01-01 | p. 199e-283e | 0439-4216
856 4 1 _uhttps://shs.cairn.info/revue-l-homme-2005-1-page-199e?lang=fr&redirect-ssocas=7080
999 _c1645917
_d1645917